000 00664nam a2200241 a 4500
001 BRCA_5949
005 20190320205255.0
008 240311s1938----enka######---#000-0#eng-#
041 _aeng
044 _aenk
050 4 _aNK9507
_b.N67 1 1938
100 1 _aNorton, Richard
_915024
245 1 0 _aA history of gold snuff boxes
_cRichard and Martin Norton.
260 _aLondres
_bS. J. Phillips
_c1938
300 _aviii, 115 p.
_bil., 44 láminas
_c22 cm.
500 _aEjemplar igual a Y43
500 _aG77
650 1 4 _aCajas de rape
_915025
650 1 4 _aOrfebrerĂ­a
_97836
700 1 _aNorton, Martin
_ecoaut.
_915026
902 _aGFM
942 _2lcc
_cB
999 _c5638
_d5638